Air Haifa Destinations - Statistics

General Stats
  • This quiz has been taken 7 times
  • The average score is 5 of 6
Answer Stats
Hint Answer % Correct
Greece Athens
100%
Israel Haifa
86%
Greece Rhodes
86%
Cyprus Larnaca
71%
Cyprus Paphos
71%
Israel Eilat
57%
No matching quizzes found
Score Distribution
Percent of People with Each Score
Percentile by Number Answered
Your Score History
You have not taken this quiz